BIBLIOTECA PODER JUDICIAL
Portal Judicial TDF

Juicio en ausencia en Argentina : (Registro nro. 5555)

000 -LEADER
fixed length control field 01480nab a22002537a 4500
003 - CONTROL NUMBER IDENTIFIER
control field OSt
005 - DATE AND TIME OF LATEST TRANSACTION
control field 20251218075720.0
008 - FIXED-LENGTH DATA ELEMENTS--GENERAL INFORMATION
fixed length control field 190429b xxu||||| |||| 00| 0 spa d
040 ## - CATALOGING SOURCE
Transcribing agency PJ
100 ## - MAIN ENTRY--PERSONAL NAME
9 (RLIN) 6451
Personal name Swinnen, Jérémie
245 10 - TITLE STATEMENT
Title Juicio en ausencia en Argentina :
Remainder of title nueva ley y su impacto en la Justicia nacional e internacional /
Statement of responsibility, etc Jérémie Swinnen.
260 ## - PUBLICATION, DISTRIBUTION, ETC. (IMPRINT)
Date of publication, distribution, etc Ciudad Autónoma de Buenos Aires :
Place of publication, distribution, etc Thomson Reuters La Ley,
Name of publisher, distributor, etc 2025.
300 ## - PHYSICAL DESCRIPTION
Extent p. 53-63
500 ## - GENERAL NOTE
General note Cita: TR LALEY AR/DOC/406/2025<br/><br/>
505 ## - FORMATTED CONTENTS NOTE
Formatted contents note Sumario: I. Introducción.— II. Algunas reflexiones iniciales.— III. Legislación comparada sobre el juicio en ausencia.— IV. Tribunales internacionales: la experiencia en los procesos penales internacionales.— V. Otros tribunales penales internacionales: Tribunales Penales Ad-Hoc y Tribunales Penales Mixtos.— VI. Tribunal Europeo de Derechos Humanos y las garantías de un juicio en ausencia.— VII. Diferentes enfoques con objetivos comunes.— VIII. Conclusión.
505 ## - FORMATTED CONTENTS NOTE
Title Si te interesa el texto completo, solicitalo a koha@justierradelfuego.gov.ar
650 #0 - SUBJECT ADDED ENTRY--TOPICAL TERM
9 (RLIN) 343
Topical term or geographic name as entry element DERECHO PENAL
650 #0 - SUBJECT ADDED ENTRY--TOPICAL TERM
9 (RLIN) 2348
Topical term or geographic name as entry element PROCESO PENAL
650 #0 - SUBJECT ADDED ENTRY--TOPICAL TERM
9 (RLIN) 6534
Topical term or geographic name as entry element JUICIO EN AUSENCIA
650 #0 - SUBJECT ADDED ENTRY--TOPICAL TERM
9 (RLIN) 586
Topical term or geographic name as entry element DEFENSA EN JUICIO
650 #0 - SUBJECT ADDED ENTRY--TOPICAL TERM
9 (RLIN) 3088
Topical term or geographic name as entry element JUICIO ABREVIADO
773 0# - HOST ITEM ENTRY
Host Biblionumber 2658
Host Itemnumber 3164
Title Revista de derecho penal y criminología. Nº 3 - Abril 2025
Place, publisher, and date of publication Ciudad Autónoma de Buenos Aires : Thomson Reuters La Ley, 2017-
International Standard Serial Number 00347914
942 ## - ADDED ENTRY ELEMENTS (KOHA)
Source of classification or shelving scheme
Koha item type Analítica Artículo de Revista

No hay ítems disponibles.

12 de Octubre 789 Ushuaia - Tel:  54(02901)441571
Horario de Atención: 8.00 a 17.00 hs. 
bibliotecaush@justierradelfuego.gov.ar
koha@justierradelfuego.gov.ar
Seguinos en nuestras redes @bibliojustdf 

Con tecnología Koha